[Event "Sachsen-Anhalt Landesliga-A 1920"]
[Site "Sachsen Anhalt"]
[Date "2020.09.20"]
[Round "8.4"]
[White "Andreas, Guenter"]
[Black "Mohs, Juergen"]
[Result "1-0"]
[WhiteElo "1812"]
[BlackElo "1819"]
[PlyCount "59"]
[EventDate "2019.09.29"]
[EventType "team-tourn"]
[EventRounds "9"]
[EventCountry "GER"]
[SourceTitle "EXT 2023"]
[Source "ChessBase"]
[SourceDate "2022.10.05"]
[SourceVersion "1"]
[SourceVersionDate "2022.10.05"]
[SourceQuality "1"]
[WhiteTeam "Magdeburg USC II"]
[BlackTeam "Bernburg Aufbau"]
[WhiteTeamCountry "GER"]
[BlackTeamCountry "GER"]

1. e4 e5 2. Nf3 Nc6 3. d4 exd4 4. Nxd4 d6 5. Bc4 Nxd4 6. Qxd4 Qf6 7. Be3 Be7 8. Qd2 Qg6 9. Nc3 c6 10. 0-0-0 Be6 11. Bd3 Qh5 12. Kb1 Qa5 13. Bd4 f6 14. f4 0-0-0 15. f5 Bf7 16. g4 Kb8 17. a3 Qc7 18. Qf2 b6 19. Be3 Kb7 20. Qe2 Bf8 21. Ba6+ Kb8 22. Bc4 Nh6 23. Rd4 c5 24. Rd5 Bxd5 25. Nxd5 Qb7 26. g5 fxg5 27. Bxg5 Re8 28. Ba6 Qf7 29. Qb5 Ng4 30. Nxb6 1-0

[Event "Sachsen-Anhalt Landesliga-A 1920"]
[Site "Sachsen Anhalt"]
[Date "2020.02.02"]
[Round "6.4"]
[White "Andreas, Guenter"]
[Black "Lemke, Andreas"]
[Result "1-0"]
[WhiteElo "1812"]
[BlackElo "1565"]
[PlyCount "35"]
[EventDate "2019.09.29"]
[EventType "team-tourn"]
[EventRounds "9"]
[EventCountry "GER"]
[SourceTitle "EXT 2023"]
[Source "ChessBase"]
[SourceDate "2022.10.05"]
[SourceVersion "1"]
[SourceVersionDate "2022.10.05"]
[SourceQuality "1"]
[WhiteTeam "Magdeburg USC II"]
[BlackTeam "Dahlenwarsleben"]
[WhiteTeamCountry "GER"]
[BlackTeamCountry "GER"]

1. e4 g6 2. d4 Bg7 3. Bc4 c5 4. c3 cxd4 5. cxd4 e6 6. Nc3 Nc6 7. Nf3 Qb6 8. 0-0 Nxd4 9. Nxd4 Qxd4 10. Nb5 Qe5 11. Be3 Kf8 12. Nd6 Ke7 13. Nb5 Nf6 14. b4 Qb8 15. Bc5+ Ke8 16. Bd6 Nxe4 17. Bxb8 Rxb8 18. Nd6+ 1-0

[Event "Wch Seniors 65 29th"]
[Site "Bucharest"]
[Date "2019.11.18"]
[Round "6"]
[White "Baluta, Constantin"]
[Black "Andreas, Guenter"]
[Result "1-0"]
[WhiteElo "2114"]
[BlackElo "1935"]
[PlyCount "87"]
[EventDate "2019.11.12"]
[EventType "swiss"]
[EventRounds "11"]
[EventCountry "ROU"]
[SourceTitle "CBM 193 Extra"]
[Source "ChessBase"]
[SourceDate "2020.01.31"]
[SourceVersion "1"]
[SourceVersionDate "2020.01.31"]
[SourceQuality "1"]

1. d4 Nf6 2. c4 e6 3. Nf3 d5 4. Bg5 Nbd7 5. cxd5 exd5 6. e3 Be7 7. Nc3 Ne4 8. Nxe4 dxe4 9. Bxe7 Qxe7 10. Nd2 0-0 11. h4 Kh8 12. Be2 f5 13. g3 c5 14. Nb3 cxd4 15. Qxd4 a5 16. h5 Qb4+ 17. Kf1 h6 18. Rc1 Qxd4 19. Nxd4 Ne5 20. Kg2 b6 21. Rc7 Rf7 22. Rhc1 Rxc7 23. Rxc7 Nd3 24. Bxd3 exd3 25. Kf1 f4 26. gxf4 Bg4 27. Ke1 Bxh5 28. Kd2 Rb8 29. Kxd3 Bg4 30. e4 h5 31. f3 Bc8 32. f5 Ba6+ 33. Ke3 Rc8 34. Rxc8+ Bxc8 35. Kf4 Bd7 36. Kg5 Be8 37. Ne6 Bf7 38. a3 g6 39. Nf4 gxf5 40. Kxf5 Kg7 41. Kg5 h4 42. e5 Bd5 43. Nxd5 h3 44. Ne3 1-0

[Event "Wch Seniors 65 29th"]
[Site "Bucharest"]
[Date "2019.11.15"]
[Round "4"]
[White "Andreas, Guenter"]
[Black "Van Herck, Marcel"]
[Result "0-1"]
[WhiteElo "1935"]
[BlackElo "2116"]
[PlyCount "68"]
[EventDate "2019.11.12"]
[EventType "swiss"]
[EventRounds "11"]
[EventCountry "ROU"]
[SourceTitle "CBM 193 Extra"]
[Source "ChessBase"]
[SourceDate "2020.01.31"]
[SourceVersion "1"]
[SourceVersionDate "2020.01.31"]
[SourceQuality "1"]

1. e4 c6 2. Nc3 d5 3. Qf3 dxe4 4. Nxe4 Nd7 5. Qg3 Ngf6 6. d3 g6 7. f4 Bg7 8. Ne2 Qb6 9. Nd2 Nd5 10. Nc4 Qc7 11. Bd2 b5 12. Na5 Bxb2 13. Rb1 Bg7 14. c4 bxc4 15. dxc4 N5b6 16. Qf3 Nc5 17. Ng3 Bd7 18. Be2 0-0 19. 0-0 Ne6 20. Nb3 c5 21. f5 Nd4 22. Nxd4 Bxd4+ 23. Kh1 Bc6 24. Qg4 Nd7 25. fxg6 hxg6 26. Nf5 Nf6 27. Qh3 Rfb8 28. Rb3 Rxb3 29. axb3 Be4 30. Nh6+ Kg7 31. Ng4 Rh8 32. Bh6+ Kg8 33. Bf4 Rxh3 34. Bxc7 Rxb3 0-1

[Event "Wch Seniors 65 29th"]
[Site "Bucharest"]
[Date "2019.11.14"]
[Round "3"]
[White "Andreas, Guenter"]
[Black "Galupa, Vasile"]
[Result "1-0"]
[WhiteElo "1935"]
[BlackElo "1350"]
[PlyCount "98"]
[EventDate "2019.11.12"]
[EventType "swiss"]
[EventRounds "11"]
[EventCountry "ROU"]
[SourceTitle "CBM 193 Extra"]
[Source "ChessBase"]
[SourceDate "2020.01.31"]
[SourceVersion "1"]
[SourceVersionDate "2020.01.31"]
[SourceQuality "1"]

1. e4 c5 2. Nf3 d6 3. d4 cxd4 4. c3 dxc3 5. Nxc3 a6 6. Bc4 e6 7. 0-0 Qc7 8. Qe2 Nf6 9. Bg5 Be7 10. Rac1 Nc6 11. Rfd1 b5 12. Bb3 0-0 13. h3 h6 14. Bh4 Rd8 15. Bg3 Bb7 16. Qe3 Rd7 17. Ne2 Qd8 18. e5 dxe5 19. Nxe5 Nxe5 20. Bxe5 Rxd1+ 21. Rxd1 Nd5 22. Qg3 Bf6 23. Nc3 Bxe5 24. Qxe5 Qf6 25. Qxf6 Nxf6 26. Rd4 g5 27. f3 Kg7 28. Kf2 Re8 29. Ne4 Nxe4+ 30. fxe4 Re7 31. e5 f6 32. Rd6 Kf7 33. Rb6 fxe5 34. Bxe6+ Kg7 35. g3 e4 36. Ke3 h5 37. a3 Rc7 38. Bf5 Re7 39. Rg6+ Kf7 40. Rxg5 Kf6 41. Rxh5 Kg7 42. Rh7+ Kf6 43. Rxe7 Kxe7 44. Bxe4 Bc8 45. g4 Kf6 46. Kf4 Be6 47. h4 a5 48. h5 Bg8 49. g5+ Kg7 1-0

[Event "Sachsen-Anhalt Landesliga-A 1920"]
[Site "Sachsen Anhalt"]
[Date "2019.09.29"]
[Round "1.4"]
[White "Andreas, Guenter"]
[Black "Krajewski, Christian"]
[Result "1/2-1/2"]
[WhiteElo "1812"]
[BlackElo "1640"]
[PlyCount "56"]
[EventDate "2019.09.29"]
[EventType "team-tourn"]
[EventRounds "9"]
[EventCountry "GER"]
[SourceTitle "EXT 2023"]
[Source "ChessBase"]
[SourceDate "2022.10.05"]
[SourceVersion "1"]
[SourceVersionDate "2022.10.05"]
[SourceQuality "1"]
[WhiteTeam "Magdeburg USC II"]
[BlackTeam "Magdeburg USC III"]
[WhiteTeamCountry "GER"]
[BlackTeamCountry "GER"]

1. e4 c6 2. Nc3 d5 3. Qf3 Be6 4. exd5 Bxd5 5. Qg3 Nf6 6. d3 g6 7. Be2 Bg7 8. h4 h5 9. Nh3 Na6 10. a3 Nc5 11. Nf4 Qd7 12. Be3 Ne6 13. 0-0-0 b6 14. Kb1 Rd8 15. d4 Ne4 16. Nxe4 Bxe4 17. f3 Nxf4 18. Bxf4 Bd5 19. c4 Be6 20. Ka1 0-0 21. Bc7 Rc8 22. Be5 Bf5 23. Bxg7 Kxg7 24. Bd3 Bxd3 25. Rxd3 e6 26. Qe1 b5 27. c5 Qd5 28. g4 Rcd8 1/2-1/2

[Event "Sachsen-Anhalt Landesliga A 18/19"]
[Site "Sachsen Anhalt"]
[Date "2019.03.24"]
[Round "8.4"]
[White "Andreas, Guenter"]
[Black "Schulze, Nick"]
[Result "0-1"]
[WhiteElo "1935"]
[BlackElo "1775"]
[PlyCount "52"]
[EventDate "2018.09.23"]
[EventType "team-tourn"]
[EventRounds "9"]
[EventCountry "GER"]
[SourceTitle "EXT 2022"]
[Source "ChessBase"]
[SourceDate "2021.10.06"]
[SourceVersion "1"]
[SourceVersionDate "2021.10.06"]
[SourceQuality "1"]
[WhiteTeam "Magdeburg USC II"]
[BlackTeam "Magdeburg Rochade II"]
[WhiteTeamCountry "GER"]
[BlackTeamCountry "GER"]

1. e4 c5 2. Nf3 d6 3. d4 cxd4 4. Nxd4 Nf6 5. Nc3 g6 6. Be3 Bg7 7. f3 0-0 8. Qd2 Nc6 9. 0-0-0 d5 10. exd5 Nxd5 11. Nxd5 Qxd5 12. c4 Qd6 13. Nxc6 Qxc6 14. Bd3 Be6 15. b3 Rfd8 16. Qc2 Qd6 17. f4 a5 18. c5 Qc6 19. a4 Bd5 20. Rhg1 Qe6 21. Rde1 Bxb3 22. Qb1 Bc3 23. Re2 Qd5 24. Bc2 Ba2 25. Qb6 Bb4 26. Rd1 Ba3+ 0-1

[Event "Wch Seniors 65 28th"]
[Site "Bled"]
[Date "2018.11.29"]
[Round "11"]
[White "Andreas, Guenter"]
[Black "Norman, Kenneth I"]
[Result "0-1"]
[WhiteElo "1967"]
[BlackElo "2099"]
[PlyCount "88"]
[EventDate "2018.11.18"]
[EventType "swiss"]
[EventRounds "11"]
[EventCountry "SLO"]
[SourceTitle "EXT 2020"]
[Source "ChessBase"]
[SourceDate "2019.10.17"]
[SourceVersion "1"]
[SourceVersionDate "2019.10.17"]
[SourceQuality "1"]

1. e4 e5 2. Nf3 Nc6 3. Bc4 Bc5 4. d3 Nf6 5. c3 d6 6. 0-0 a6 7. Bb3 Ba7 8. Bg5 h6 9. Be3 0-0 10. Bxa7 Rxa7 11. Nbd2 Ra8 12. Re1 Be6 13. d4 Bg4 14. h3 Bxf3 15. Nxf3 Re8 16. dxe5 Nxe5 17. Nxe5 Rxe5 18. f4 Re7 19. Qf3 c6 20. Re2 Qb6+ 21. Kh1 Rae8 22. Rae1 Qc7 23. Bc2 g6 24. g4 Kg7 25. c4 b5 26. Qc3 g5 27. fxg5 hxg5 28. Rf1 Re5 29. Ref2 R8e6 30. Rf5 Qe7 31. Qf3 Rxf5 32. gxf5 Re5 33. h4 gxh4 34. Rg1+ Kf8 35. Qg2 Ke8 36. cxb5 axb5 37. Qf2 c5 38. Bd3 c4 39. Bc2 Qb7 40. Qxh4 Rxf5 41. Rg5 Rxg5 42. Qxg5 Nxe4 43. Qg8+ Ke7 44. Kh2 Nf6 0-1

[Event "Wch Seniors 65 28th"]
[Site "Bled"]
[Date "2018.11.26"]
[Round "8"]
[White "Andreas, Guenter"]
[Black "Vlajkov, Milenko"]
[Result "1-0"]
[WhiteElo "1967"]
[BlackElo "1530"]
[PlyCount "115"]
[EventDate "2018.11.18"]
[EventType "swiss"]
[EventRounds "11"]
[EventCountry "SLO"]
[SourceTitle "CBM 187 Extra"]
[Source "ChessBase"]
[SourceDate "2018.11.04"]
[SourceVersion "1"]
[SourceVersionDate "2018.11.04"]
[SourceQuality "1"]

1. e4 e5 2. Nf3 Nc6 3. Bc4 Bc5 4. 0-0 Nf6 5. d3 h6 6. Bb3 d6 7. c3 0-0 8. Re1 Bg4 9. Nbd2 a6 10. Nf1 Nh7 11. h3 Be6 12. Bc2 Bd7 13. Ng3 Ne7 14. d4 exd4 15. Nxd4 Ng6 16. Be3 Ba7 17. Ndf5 Bxe3 18. Rxe3 Re8 19. Qd4 Qf6 20. Qd2 Nh4 21. e5 Rxe5 22. Rxe5 Qxe5 23. Nxh4 Re8 24. Nf3 Qb5 25. a4 Qb6 26. a5 Qa7 27. Re1 Rxe1+ 28. Qxe1 Qc5 29. b4 Qc6 30. Bxh7+ Kxh7 31. Qe4+ g6 32. Qxc6 Bxc6 33. Nd4 Bd7 34. f4 Kg7 35. Ne4 f5 36. Nd2 d5 37. N2f3 Kf6 38. Ne5 Be8 39. Kf2 g5 40. g3 h5 41. Ndf3 gxf4 42. gxf4 b6 43. Kg3 bxa5 44. bxa5 c5 45. Nd3 c4 46. Nc5 Bb5 47. Nd4 Ke7 48. Nxf5+ Kd8 49. Nd4 Kc7 50. Nce6+ Kd6 51. Kh4 Bd7 52. f5 Ke5 53. Kxh5 Kf6 54. Kh6 Be8 55. Kh7 Bd7 56. Kg8 Be8 57. h4 Bh5 58. Nc7 1-0

[Event "Wch Seniors 65 28th"]
[Site "Bled"]
[Date "2018.11.20"]
[Round "3"]
[White "Webster, Jim J"]
[Black "Andreas, Guenter"]
[Result "1/2-1/2"]
[WhiteElo "1730"]
[BlackElo "1967"]
[PlyCount "69"]
[EventDate "2018.11.18"]
[EventType "swiss"]
[EventRounds "11"]
[EventCountry "SLO"]
[SourceTitle "CBM 187 Extra"]
[Source "ChessBase"]
[SourceDate "2018.11.04"]
[SourceVersion "1"]
[SourceVersionDate "2018.11.04"]
[SourceQuality "1"]

1. d4 Nf6 2. c4 g6 3. Nc3 d5 4. Nf3 Bg7 5. e3 0-0 6. Bd2 b6 7. cxd5 Nxd5 8. Be2 Bb7 9. 0-0 Nd7 10. Qb3 e6 11. Rfd1 c5 12. Nxd5 Bxd5 13. Qa3 cxd4 14. exd4 a6 15. Be3 b5 16. Rac1 Qb6 17. b3 Rac8 18. Rxc8 Rxc8 19. Rc1 Rxc1+ 20. Qxc1 Qc6 21. Qd2 f6 22. Ne1 Kf7 23. f3 Bf8 24. Nd3 Bd6 25. Nb4 Bxb4 26. Qxb4 e5 27. dxe5 Nxe5 28. Bh6 Nd7 29. Be3 Qc2 30. Qd2 Qc6 31. Bd1 Ne5 32. Qd4 Nd7 33. Qd2 Ne5 34. Qd4 Nd7 35. Qd2 1/2-1/2

[Event "Wch Seniors 65 28th"]
[Site "Bled"]
[Date "2018.11.19"]
[Round "2"]
[White "Andreas, Guenter"]
[Black "Florjancic, Rudolf"]
[Result "1/2-1/2"]
[WhiteElo "1967"]
[BlackElo "1761"]
[PlyCount "58"]
[EventDate "2018.11.18"]
[EventType "swiss"]
[EventRounds "11"]
[EventCountry "SLO"]
[SourceTitle "CBM 187 Extra"]
[Source "ChessBase"]
[SourceDate "2018.11.04"]
[SourceVersion "1"]
[SourceVersionDate "2018.11.04"]
[SourceQuality "1"]

1. e4 c5 2. Nf3 d6 3. Bb5+ Bd7 4. Bxd7+ Nxd7 5. d4 cxd4 6. Nxd4 Ngf6 7. Nc3 a6 8. 0-0 g6 9. Be3 Bg7 10. f3 0-0 11. Qd2 Ne5 12. b3 Rc8 13. a4 e6 14. Nde2 Qc7 15. Rac1 Rfd8 16. Rfd1 d5 17. exd5 Nxd5 18. Nxd5 Rxd5 19. Qe1 Rcd8 20. Rxd5 Rxd5 21. Nf4 Rd7 22. Qe2 Qc3 23. g3 h5 24. Ng2 Nc6 25. Rd1 Bd4 26. Kf1 e5 27. Rd3 Qa1+ 28. Rd1 Qc3 29. Rd3 Qa1+ 1/2-1/2

[Event "Wch Seniors 65 26th"]
[Site "Marianske Lazne"]
[Date "2016.11.29"]
[Round "10"]
[White "Andreas, Guenter"]
[Black "Simkin, Alexander"]
[Result "1-0"]
[WhiteElo "2006"]
[BlackElo "1782"]
[PlyCount "79"]
[EventDate "2016.11.19"]
[EventType "swiss"]
[EventRounds "11"]
[EventCountry "CZE"]
[SourceTitle "CBM 175 Extra"]
[Source "ChessBase"]
[SourceDate "2016.12.12"]
[SourceVersion "1"]
[SourceVersionDate "2016.12.12"]
[SourceQuality "1"]

1. e4 c5 2. Nf3 d6 3. Bb5+ Bd7 4. Bxd7+ Qxd7 5. 0-0 Nc6 6. d4 cxd4 7. Nxd4 e6 8. c4 Be7 9. Nc3 a6 10. Be3 Nf6 11. f3 0-0 12. Qd2 Rac8 13. Rfd1 Nxd4 14. Qxd4 Qc6 15. Rac1 Qxc4 16. Nd5 exd5 17. Rxc4 Rxc4 18. Qd3 Rfc8 19. exd5 Nd7 20. Qf1 Bf6 21. Rc1 Rxc1 22. Bxc1 Bd4+ 23. Kh1 Rc5 24. g3 Ne5 25. Qd1 Rxd5 26. f4 Nc6 27. Be3 b5 28. Bxd4 a5 29. Qe2 Kf8 30. Bc3 b4 31. Qg4 Ke7 32. Qc8 Rc5 33. Bxg7 h5 34. Bf8+ Kf6 35. Bxd6 Rc1+ 36. Kg2 Rc2+ 37. Kh3 Nd4 38. Be5+ Kg6 39. Qg8+ Kf5 40. Bxd4 1-0

[Event "Wch Seniors 65 26th"]
[Site "Marianske Lazne"]
[Date "2016.11.28"]
[Round "9"]
[White "Auvinen, Esa"]
[Black "Andreas, Guenter"]
[Result "1/2-1/2"]
[WhiteElo "1887"]
[BlackElo "2006"]
[PlyCount "43"]
[EventDate "2016.11.19"]
[EventType "swiss"]
[EventRounds "11"]
[EventCountry "CZE"]
[SourceTitle "CBM 175 Extra"]
[Source "ChessBase"]
[SourceDate "2016.12.12"]
[SourceVersion "1"]
[SourceVersionDate "2016.12.12"]
[SourceQuality "1"]

1. e4 e5 2. Nf3 Nc6 3. Bb5 a6 4. Bxc6 dxc6 5. d4 exd4 6. Qxd4 Be6 7. Bf4 Qxd4 8. Nxd4 0-0-0 9. Nxe6 fxe6 10. Nc3 Be7 11. Rd1 Nf6 12. Rxd8+ Rxd8 13. f3 Bb4 14. Bd2 b5 15. Ke2 c5 16. Nb1 Bxd2 17. Nxd2 c4 18. Nb1 h5 19. Rd1 Rxd1 20. Kxd1 Kd7 21. Kd2 g5 22. Ke3 1/2-1/2

[Event "Wch Seniors 65 26th"]
[Site "Marianske Lazne"]
[Date "2016.11.24"]
[Round "6"]
[White "Malinovsky, Jozef"]
[Black "Andreas, Guenter"]
[Result "0-1"]
[WhiteElo "1794"]
[BlackElo "2006"]
[PlyCount "69"]
[EventDate "2016.11.19"]
[EventType "swiss"]
[EventRounds "11"]
[EventCountry "CZE"]
[SourceTitle "CBM 175 Extra"]
[Source "ChessBase"]
[SourceDate "2016.12.12"]
[SourceVersion "1"]
[SourceVersionDate "2016.12.12"]
[SourceQuality "1"]

1. e4 e5 2. c3 d5 3. d3 dxe4 4. Qa4+ Bd7 5. Qxe4 Nc6 6. Nf3 Nf6 7. Qe2 Bd6 8. Nbd2 0-0 9. Ne4 Nxe4 10. dxe4 b5 11. Bg5 f6 12. Bd2 Kh8 13. Nh4 Rb8 14. a3 Na5 15. Qd1 Be6 16. b4 Nc4 17. Be2 Qc8 18. Bd3 Nb2 19. Qe2 Nxd3+ 20. Qxd3 Bc4 21. Qh3 Qe8 22. Nf5 Rd8 23. Qe3 a6 24. Qg3 Rf7 25. h4 Bf8 26. h5 Rd3 27. f3 Rfd7 28. Be3 Be6 29. Nxg7 Rxe3+ 30. Kf2 Rxg7 31. Qxg7+ Bxg7 32. Kxe3 Bh6+ 33. Kf2 Qc6 34. Kg3 Qxc3 35. Rac1 0-1

[Event "Wch Seniors 65 26th"]
[Site "Marianske Lazne"]
[Date "2016.11.23"]
[Round "5"]
[White "Andreas, Guenter"]
[Black "Kolek, Josef"]
[Result "1/2-1/2"]
[WhiteElo "2006"]
[BlackElo "1801"]
[PlyCount "96"]
[EventDate "2016.11.19"]
[EventType "swiss"]
[EventRounds "11"]
[EventCountry "CZE"]
[SourceTitle "CBM 175 Extra"]
[Source "ChessBase"]
[SourceDate "2016.12.12"]
[SourceVersion "1"]
[SourceVersionDate "2016.12.12"]
[SourceQuality "1"]

1. e4 c5 2. Nf3 Nc6 3. d4 cxd4 4. Nxd4 g6 5. Be3 Bg7 6. Nc3 d6 7. Qd2 Nf6 8. Be2 0-0 9. f3 Bd7 10. Nb3 a6 11. Bh6 Rc8 12. Bxg7 Kxg7 13. Qe3 Ne5 14. Nd2 b5 15. a3 Be6 16. 0-0 Qc7 17. Rfc1 h5 18. Nd1 Qb7 19. Nf2 Bc4 20. Nd3 Bxd3 21. Bxd3 Rc7 22. Be2 Rfc8 23. c3 Rd7 24. h3 Rcd8 25. f4 Nc6 26. Bf3 e5 27. Nb3 exf4 28. Qxf4 Ne5 29. Nd4 Nxf3+ 30. gxf3 Nh7 31. Kh1 Re8 32. Rg1 Re5 33. Nf5+ Rxf5 34. Qxf5 Re7 35. Rad1 Re5 36. Qf4 Qe7 37. Rd4 Qe6 38. Kh2 g5 39. Qg3 Nf6 40. Qf4 Ng4+ 41. Rxg4 hxg4 42. Qxg4 Qe7 43. Qg2 Kf8 44. Qd2 Re6 45. Rd5 f6 46. Qd4 Kf7 47. Qb6 Kg6 48. Kg2 Rxe4 1/2-1/2

[Event "Wch Seniors 65 26th"]
[Site "Marianske Lazne"]
[Date "2016.11.22"]
[Round "4"]
[White "Vikulov, Alexander Sergeevic"]
[Black "Andreas, Guenter"]
[Result "1-0"]
[WhiteElo "2275"]
[BlackElo "2006"]
[PlyCount "93"]
[EventDate "2016.11.19"]
[EventType "swiss"]
[EventRounds "11"]
[EventCountry "CZE"]
[SourceTitle "CBM 175 Extra"]
[Source "ChessBase"]
[SourceDate "2016.12.12"]
[SourceVersion "1"]
[SourceVersionDate "2016.12.12"]
[SourceQuality "1"]

1. Nf3 f5 2. d4 Nf6 3. g3 g6 4. Bg2 Bg7 5. 0-0 0-0 6. b3 c5 7. e3 d5 8. Bb2 cxd4 9. exd4 Nc6 10. Re1 Re8 11. Nc3 e6 12. Ne2 h6 13. h4 Kh7 14. Nf4 Ne4 15. c4 g5 16. hxg5 hxg5 17. Nd3 g4 18. Nfe5 Nxe5 19. dxe5 Bd7 20. Qc2 Rc8 21. Rad1 Qc7 22. Qb1 Bc6 23. Qa1 Bh6 24. Bd4 a6 25. Qb2 Qe7 26. c5 Rf8 27. b4 f4 28. gxf4 Bxf4 29. Bxe4+ dxe4 30. Nxf4 Rxf4 31. Be3 Rf3 32. Kg2 Rh3 33. Rh1 Qh4 34. Qe2 Rh8 35. Qe1 Kg6 36. a4 Bxa4 37. Bf4 Bxd1 38. Qxe4+ Kh5 39. Rxd1 Rf3 40. Rh1 Rh3 41. Bg3 Rxh1 42. Bxh4 Rxh4 43. Qxb7 Kg5 44. Kf1 R8h7 45. Qc8 R4h6 46. c6 Rg6 47. Qd8+ 1-0

[Event "Wch Seniors 65 24th"]
[Site "Katerini"]
[Date "2014.10.24"]
[Round "1"]
[White "Gruzmann, Boris"]
[Black "Andreas, Guenter"]
[Result "1-0"]
[WhiteElo "2246"]
[BlackElo "1992"]
[PlyCount "57"]
[EventDate "2014.10.24"]
[EventType "swiss"]
[EventRounds "11"]
[EventCountry "GRE"]
[SourceTitle "EXT 2015"]
[Source "ChessBase"]
[SourceDate "2014.11.20"]
[SourceVersion "1"]
[SourceVersionDate "2014.11.20"]
[SourceQuality "1"]

1. e4 e5 2. Nf3 Nc6 3. Bb5 a6 4. Ba4 Nf6 5. 0-0 b5 6. Bb3 d5 7. exd5 Nxd5 8. d4 exd4 9. Nxd4 Nxd4 10. Qxd4 Be6 11. Re1 c6 12. f4 Ne7 13. Qxd8+ Rxd8 14. Bxe6 fxe6 15. Nc3 Kf7 16. a4 Nd5 17. Ne4 h6 18. axb5 axb5 19. Ra7+ Kg6 20. Kf2 Nf6 21. Kf3 Nxe4 22. Rxe4 Bd6 23. Rxe6+ Kf5 24. Re2 g5 25. g4+ Kf6 26. f5 Be5 27. b3 h5 28. Rxe5 hxg4+ 29. Ke4 1-0

[Event "Wch Seniors 23rd"]
[Site "Opatija"]
[Date "2013.11.20"]
[Round "8"]
[White "Andreas, Guenter"]
[Black "Haupt, Joachim"]
[Result "1-0"]
[WhiteElo "1990"]
[BlackElo "1870"]
[PlyCount "105"]
[EventDate "2013.11.12"]
[EventType "swiss"]
[EventRounds "11"]
[EventCountry "CRO"]
[SourceTitle "CBM 157 Extra"]
[Source "ChessBase"]
[SourceDate "2013.12.19"]
[SourceVersion "1"]
[SourceVersionDate "2013.12.19"]
[SourceQuality "1"]

1. e4 c5 2. Nf3 Nc6 3. d4 cxd4 4. c3 dxc3 5. Nxc3 e6 6. Bc4 Be7 7. Qe2 Na5 8. Bd3 b6 9. 0-0 Bb7 10. Rd1 Nf6 11. Bg5 0-0 12. Rac1 d5 13. Bb1 Rc8 14. h3 Nxe4 15. Nxe4 Rxc1 16. Bxc1 Qc8 17. Nc3 Bf6 18. Ne5 Nc6 19. Ng4 Be7 20. Ne5 Bf6 21. f4 Rd8 22. Nf3 g6 23. h4 Ne7 24. Be3 Nf5 25. Bf2 Qc7 26. g3 Be7 27. Nd4 Nxd4 28. Bxd4 Bc5 29. Kg2 Bxd4 30. Rxd4 Qc5 31. Qe5 Qc6 32. h5 f5 33. hxg6 hxg6 34. Bd3 a6 35. Be2 Kf7 36. Bf3 Qc5 37. g4 Qd6 38. g5 Qxe5 39. fxe5 Rc8 40. Kg3 Rc7 41. a4 Bc8 42. Rb4 Rc5 43. Kf4 Ke7 44. Ke3 Rc6 45. Rh4 Kf8 46. Rh7 Kg8 47. Ra7 Kf8 48. Be2 Rc5 49. Kd4 Rc6 50. b4 f4 51. Rh7 f3 52. Bd3 f2 53. Rh2 1-0

[Event "Wch Seniors 23rd"]
[Site "Opatija"]
[Date "2013.11.15"]
[Round "4"]
[White "Andreas, Guenter"]
[Black "Bianco Diaz, Rogelio Jose"]
[Result "1-0"]
[WhiteElo "1990"]
[BlackElo "1891"]
[PlyCount "66"]
[EventDate "2013.11.12"]
[EventType "swiss"]
[EventRounds "11"]
[EventCountry "CRO"]
[SourceTitle "CBM 157 Extra"]
[Source "ChessBase"]
[SourceDate "2013.12.19"]
[SourceVersion "1"]
[SourceVersionDate "2013.12.19"]
[SourceQuality "1"]

1. e4 c5 2. Nf3 b6 3. d4 cxd4 4. Nxd4 Bb7 5. Bd3 e6 6. 0-0 Nf6 7. e5 Nd5 8. a3 Nc6 9. Nf3 d6 10. c4 Nc7 11. exd6 Bxd6 12. Qe2 0-0 13. Nc3 Be7 14. Rd1 Qc8 15. b4 Bf6 16. Bb2 Ne7 17. Ne4 Bxb2 18. Qxb2 Ne8 19. Rac1 Ng6 20. c5 bxc5 21. bxc5 Nf4 22. Bb1 Ba6 23. Ng3 Nf6 24. Qe5 Ng6 25. Qe1 Qc7 26. Rd6 Bb5 27. Nd4 Rab8 28. Ne4 Nxe4 29. Qxe4 Rfd8 30. Nxb5 Rxb5 31. Qd4 Qb8 32. Bd3 e5 33. Qe3 Rb3 1-0

[Event "Wch Seniors 22nd"]
[Site "Kamena Vourla"]
[Date "2012.11.24"]
[Round "11"]
[White "Belokopyt, Boris Khaimovich"]
[Black "Andreas, Guenter"]
[Result "0-1"]
[WhiteElo "1962"]
[BlackElo "1995"]
[PlyCount "113"]
[EventDate "2012.11.13"]
[EventType "swiss"]
[EventRounds "11"]
[EventCountry "GRE"]
[SourceTitle "CBM 151 Extra"]
[Source "ChessBase"]
[SourceDate "2012.12.18"]
[SourceVersion "1"]
[SourceVersionDate "2012.12.18"]
[SourceQuality "1"]

1. e4 e5 2. Nf3 Nc6 3. d4 exd4 4. Bc4 Nf6 5. e5 d5 6. Bb5 Ne4 7. Nxd4 Bd7 8. Nxc6 Bxc6 9. Bxc6+ bxc6 10. 0-0 Qd7 11. Nd2 Nxd2 12. Bxd2 Bc5 13. a4 0-0 14. c3 a5 15. Qf3 f6 16. exf6 Rxf6 17. Qd3 Raf8 18. Be3 Bxe3 19. Qxe3 Qf5 20. b4 Qc2 21. bxa5 Qb2 22. Rad1 Qc2 23. Qd2 Qxa4 24. Ra1 Qc4 25. a6 Ra8 26. a7 Qc5 27. Qd4 Qxd4 28. cxd4 Rff8 29. Rfb1 Kf7 30. Rb7 Rfc8 31. Ra6 Ke7 32. Rxc6 Kd7 33. Rc5 Kd6 34. Kf1 h6 35. g4 g5 36. h3 c6 37. Rh7 Rh8 38. Rb7 Rhc8 39. Ra5 Rc7 40. Rb8 Raxa7 41. Rxa7 Rxa7 42. Rh8 Ra4 43. Rxh6+ Kd7 44. Rg6 Rxd4 45. Rxg5 c5 46. Re5 c4 47. Re3 Rf4 48. Ke2 d4 49. Rg3 d3+ 50. Ke3 Rf6 51. Rg1 Re6+ 52. Kd4 Re2 53. Kxc4 d2 54. Rd1 Rxf2 55. Kd4 Rh2 56. Rxd2 Rxd2+ 57. Ke5 0-1

[Event "Wch Seniors 22nd"]
[Site "Kamena Vourla"]
[Date "2012.11.22"]
[Round "9"]
[White "Archangelsky, Mikhail"]
[Black "Andreas, Guenter"]
[Result "1/2-1/2"]
[WhiteElo "2197"]
[BlackElo "1995"]
[PlyCount "42"]
[EventDate "2012.11.13"]
[EventType "swiss"]
[EventRounds "11"]
[EventCountry "GRE"]
[SourceTitle "CBM 151 Extra"]
[Source "ChessBase"]
[SourceDate "2012.12.18"]
[SourceVersion "1"]
[SourceVersionDate "2012.12.18"]
[SourceQuality "1"]

1. Nf3 d5 2. e3 Nf6 3. c4 c6 4. Nc3 e6 5. Qc2 Nbd7 6. b3 Bd6 7. Bb2 a6 8. d4 0-0 9. Be2 Qe7 10. 0-0 b5 11. e4 Nxe4 12. Nxe4 dxe4 13. Qxe4 Nf6 14. Qh4 Ba3 15. Bc3 Bb4 16. Rac1 Bxc3 17. Rxc3 c5 18. dxc5 Qxc5 19. Rfc1 b4 20. Re3 h6 21. Bd3 Bb7 1/2-1/2